100 METHODS FOR TOTAL QUALITY MANAGEMENT (Record no. 17420)

MARC details
000 -LEADER
fixed length control field 00357nam a2200133Ia 4500
008 - FIXED-LENGTH DATA ELEMENTS--GENERAL INFORMATION
fixed length control field 240624s9999 xx 000 0 und d
041 ## - LANGUAGE CODE
Language code of text/sound track or separate title eng
082 ## - DEWEY DECIMAL CLASSIFICATION NUMBER
Classification number 658.4013 KAN
100 ## - MAIN ENTRY--PERSONAL NAME
Personal name KANJI GOPAL K
245 ## - TITLE STATEMENT
Title 100 METHODS FOR TOTAL QUALITY MANAGEMENT
260 ## - PUBLICATION, DISTRIBUTION, ETC.
Date of publication, distribution, etc. 1996
Place of publication, distribution, etc. New Delhi
Name of publisher, distributor, etc. Sage Publications India Pvt Ltd
300 ## - PHYSICAL DESCRIPTION
Extent 244 : p.
365 ## - TRADE PRICE
Currency code RS
Price amount 35
Holdings
Withdrawn status Lost status Damaged status Not for loan Home library Current library Shelving location Date acquired Source of acquisition Cost, normal purchase price Full call number Barcode Date last seen Copy number Price effective from Koha item type
        IMTN IMTN Rack 27-B 07/29/2011 IBH 475.00 658.4013 KAN 17420 06/24/2024 1 06/24/2024 Books
Designed & Maintained by: LRC IMT Nagpur Contact: lrc@imtnag.ac.in© 2024. All Rights Reserved.